UBT Library

Teaching narrative theory / (Record no. 47282)

000 -LEADER
fixed length control field 00964cam a22002774a 4500
001 - CONTROL NUMBER
control field 16325144
005 - DATE AND TIME OF LATEST TRANSACTION
control field 20180823082125.0
008 - FIXED-LENGTH DATA ELEMENTS--GENERAL INFORMATION
fixed length control field 100709s2010 nyua b 001 0 eng
010 ## - LIBRARY OF CONGRESS CONTROL NUMBER
LC control number 2010027697
020 ## - INTERNATIONAL STANDARD BOOK NUMBER
International Standard Book Number 9781603290807 (hardcover : alk. paper)
020 ## - INTERNATIONAL STANDARD BOOK NUMBER
International Standard Book Number 160329080X (hardcover : alk. paper)
020 ## - INTERNATIONAL STANDARD BOOK NUMBER
International Standard Book Number 9781603290814 (pbk. : alk. paper)
020 ## - INTERNATIONAL STANDARD BOOK NUMBER
International Standard Book Number 1603290818 (pbk. : alk. paper)
035 ## - SYSTEM CONTROL NUMBER
System control number (OCoLC)ocn642841576
040 ## - CATALOGING SOURCE
Original cataloging agency DLC
Transcribing agency DLC
Modifying agency YDX
-- BTCTA
-- YDXCP
-- IAW
-- MNW
-- BWX
-- COD
-- CDX
-- DLC
041 ## - LANGUAGE CODE
Language code of text/sound track or separate title eng
080 ## - UNIVERSAL DECIMAL CLASSIFICATION NUMBER
Universal Decimal Classification number 808.0711
082 00 - DEWEY DECIMAL CLASSIFICATION NUMBER
Classification number 808.0711
Edition number 22
100 ## - Rafti
Rafti 46
101 ## - Shkurtesa
Shkurtesa EDU
245 00 - TITLE STATEMENT
Title Teaching narrative theory /
Statement of responsibility, etc edited by David Herman, Brian McHale, and James Phelan.
504 ## - BIBLIOGRAPHY, ETC. NOTE
Bibliography, etc Includes bibliographical references and index.
906 ## - LOCAL DATA ELEMENT F, LDF (RLIN)
a 7
b cbc
c orignew
d 1
e ecip
f 20
g y-gencatlg
942 ## - ADDED ENTRY ELEMENTS (KOHA)
Source of classification or shelving scheme
Item type Books
Holdings
Withdrawn status Lost status Source of classification or shelving scheme Damaged status Not for loan Collection code Permanent location Current location Shelving location Date acquired Total Checkouts Full call number Barcode Date last seen Price effective from Koha item type
          Koleksioni i përgjithshem UBT - Lipjan UBT - Lipjan Koleksioni i përgjithshem 08/23/2018   808.0711 HER 002-3012154 08/23/2018 08/23/2018 Books
UBT Library © 2015-2024. All rights reserved University Education for Business and Technology